000 00507nam a2200169Ia 4500
008 090711s9999 xx 000 0 und d
082 _b1903
100 _aखरे सुरेश
245 _aकाSोSाा Sांद्र
260 _bजोशी ब्रदर्स
_c1972
300 _a88
600 _aखरे सुरेश
630 _aकाSोSाा Sांद्र
700 _aखरे सुरेश
730 _aकाSोSाा Sांद्र
942 _cBOOK
999 _c338948
_d338945